| 000 | 01776cam a22003251i 4500 | ||
|---|---|---|---|
| 003 | SA-RiAUC | ||
| 005 | 20241205064333.0 | ||
| 008 | 241205s1985 qa g 00000dara c | ||
| 040 |
_aSA-RiAUC _bara _cSA-RiAUC _erda |
||
| 050 | 4 | _b.M8 1985 | |
| 050 | 4 | _bM24. 1985 | |
| 082 | 0 | 4 |
_a929.2 _qSA-RiAUC |
| 090 |
_a929.2 _bم و ر |
||
| 100 | 1 |
_aالموريتاني، حماد بن الأمين المجلسي _eمؤلف. |
|
| 245 | 1 | 0 |
_aتحفه الألباب في شرح الأنساب / _cتأليف حماد بن الأمين المجلسي. وعليه التعليق الصواب على تحفة الألباب / أحمد المختار الجكني الشنقيطي ؛ عنى بنشره وطباعته عبد الله بن إبراهيم الأنصاري. |
| 264 | 1 |
_aالدوحة : _bإدارة إحياء التراث الإسلامي، _c1985 |
|
| 264 | 3 |
_a[مكان الطبع غير محدد] : _bمطابع العهد |
|
| 300 |
_a3 مجلد ؛ _c24 سم |
||
| 336 |
_aنص _btxt _2rdacontent _3كتاب |
||
| 337 |
_aبدون وسيط _bn _2rdamedia |
||
| 338 |
_aمجلد _bnc _2rdacarrier |
||
| 501 | _aمعه إكمال تحفة الألباب في شرح الأنساب / تأليف أحمد المختار الجكني الشنقيطي. | ||
| 650 | 7 |
_aالأنساب العربية _2aucsh |
|
| 650 | 7 |
_aالأنساب والأعراق _2aucsh |
|
| 700 | 1 |
_aأبو حاتم الإباضي، يعقوب بن حبيب الكندي، _dتوفى 155 هجرى _eمراجع. |
|
| 700 | 1 | 2 |
_aالشنقيطي، أحمد بن محمد الأمين بن أحمد المختار، _dتوفي 1434 هجري |
| 740 | 2 | 2 | _aالتعليق الصواب على تحفة الألباب. |
| 942 |
_2ddc _cBOOK |
||
| 949 |
_aSA-JeALM _d241205 _ukhaled123 _n1 |
||
| 999 |
_c3038 _d3038 |
||